000 00896nmc a2200301 a 4500
003 AR-BaBNM
005 20251128204147.0
008 106019s1984 ||||||||||||||000 | spa||
020 _a950 25 0063 6
040 _cAR-BaBNM
100 1 _aSiegler, Pedro
245 1 0 _aLisandro de la Torre y los problemas de su época
260 _aBuenos Aires
_bCentro Editor de América Latina
_c1984
300 0 _a153 p.
490 0 _aBiblioteca política Argentina
_vv. 64
500 1 _aApéndice documental, pag. 81 a 153
600 1 4 _aTorre, Lisandro de La
610 2 4 _aPartido Demócrata Progresista [Argentina]
650 4 _aHISTORIA ARGENTINA
650 4 _aPOLITICA ARGENTINA
650 4 _aHISTORIA POLITICA ARGENTINA
650 4 _aREVOLUCION DE 1890
650 4 _aPARTIDOS POLITICOS ARGENTINOS
650 4 _aNACIONALISMO
651 4 _aArgentina
942 _cBK
998 _cenrique
999 _c6419
_d6419